| Tag |
First Indicator |
Second Indicator |
Subfields |
| LEADER |
00000cam a2200000 a 4500 |
| 001 |
in00000016235 |
| 005 |
20151007052721.0 |
| 008 |
870416m19881994ctua b 001 0 eng |
| 010 |
|
|
|a 87010560
|
| 019 |
|
|
|a 19782792
|a 21895125
|
| 020 |
|
|
|a 0300040059 (v. 1 : alk. paper)
|
| 020 |
|
|
|a 0300043759 (v. 2 : alk. paper)
|
| 020 |
|
|
|a 0300045875 (v. 1 : pbk.)
|
| 020 |
|
|
|a 0300050259 (v. 2 : pbk.)
|
| 035 |
|
|
|a (OCoLC)15628638
|
| 035 |
|
|
|9 AAA8921AM
|
| 040 |
|
|
|a DLC
|c DLC
|d FIL
|d TXA
|d UtOrBLW
|
| 043 |
|
|
|a e-uk---
|a n-us---
|
| 049 |
|
|
|a TXAM
|
| 050 |
0 |
0 |
|a PR116
|b .G5 1988
|
| 082 |
0 |
0 |
|a 820/.9/9287
|2 19
|
| 100 |
1 |
|
|a Gilbert, Sandra M.
|
| 245 |
1 |
0 |
|a No man's land :
|b the place of the woman writer in the twentieth century /
|c Sandra M. Gilbert and Susan Gubar.
|
| 246 |
3 |
0 |
|a Place of the woman writer in the twentieth century
|
| 264 |
|
1 |
|a New Haven :
|b Yale University Press,
|c ©1988-©1994.
|
| 300 |
|
|
|a 3 volumes :
|b illustrations ;
|c 25 cm.
|
| 336 |
|
|
|a text
|b txt
|2 rdacontent
|
| 337 |
|
|
|a unmediated
|b n
|2 rdamedia
|
| 338 |
|
|
|a volume
|b nc
|2 rdacarrier
|
| 504 |
|
|
|a Includes bibliographical references and indexes.
|
| 505 |
0 |
|
|a v. 1. The war of the words -- v. 2. Sexchanges -- v. 3. Letters from the front.
|
| 650 |
|
0 |
|a English literature
|x Women authors
|x History and criticism.
|
| 650 |
|
0 |
|a English literature
|y 20th century
|x History and criticism.
|
| 650 |
|
0 |
|a American literature
|x Women authors
|x History and criticism.
|
| 650 |
|
0 |
|a American literature
|y 20th century
|x History and criticism.
|
| 650 |
|
0 |
|a Women and literature
|z Great Britain
|x History
|y 20th century.
|
| 650 |
|
0 |
|a Women and literature
|z United States
|x History
|y 20th century.
|
| 650 |
|
0 |
|a Feminism and literature
|z Great Britain.
|
| 650 |
|
0 |
|a Feminism and literature
|z United States.
|
| 650 |
|
7 |
|a Littérature anglaise
|x Femmes écrivains
|x Histoire et critique.
|2 ram
|
| 650 |
|
7 |
|a Littérature américaine
|x Femmes écrivains
|x Histoire et critique.
|2 ram
|
| 650 |
|
7 |
|a Littérature anglaise
|y 20e siècle
|x Histoire et critique.
|2 ram
|
| 650 |
|
7 |
|a Littérature américaine
|y 20e siècle
|x Histoire et critique.
|2 ram
|
| 650 |
|
7 |
|a Féminisme
|x Littérature
|z Grande-Bretagne.
|2 ram
|
| 650 |
|
7 |
|a Féminisme
|x Littérature
|z Etats-Unis.
|2 ram
|
| 700 |
1 |
|
|a Gubar, Susan,
|d 1944-
|
| 999 |
|
|
|a MARS
|
| 999 |
f |
f |
|s d5b6066b-9c07-3f18-b7b9-6926866a85ee
|i b9639cbb-c097-35e1-b8ed-9bd3cbac303a
|t 0
|
| 952 |
f |
f |
|p noncirc
|a Texas A&M University
|b College Station
|c Cushing Memorial Library & Archives
|d Cushing: Literature/Mitchell (Does not check out)
|t 0
|e PR116 .G5 1988
|h Library of Congress classification
|i unmediated -- volume
|k v.1
|
| 952 |
f |
f |
|p normal
|a Texas A&M University
|b College Station
|c Sterling C. Evans Library
|d Evans: Library Stacks
|t 0
|e PR116 .G5 1988
|h Library of Congress classification
|i unmediated -- volume
|k v.2
|m A14811868010
|
| 952 |
f |
f |
|p normal
|a Texas A&M University
|b College Station
|c Sterling C. Evans Library
|d Evans: Library Stacks
|t 0
|e PR116 .G5 1988
|h Library of Congress classification
|i unmediated -- volume
|k v.3
|m A14819606593
|
| 952 |
f |
f |
|p normal
|a Texas A&M University
|b College Station
|c Sterling C. Evans Library
|d Evans: Library Stacks
|t 0
|e PR116 .G5 1988
|h Library of Congress classification
|i unmediated -- volume
|k v.1
|m A14820497096
|
| 998 |
f |
f |
|a PR116 .G5 1988
|s v.1-v.3
|t 0
|l Evans: Library Stacks
|
| 998 |
f |
f |
|a PR116 .G5 1988
|s v.1
|t 0
|l Cushing: Literature/Mitchell (Does not check out)
|